[Event "45th Olympiad Budapest 2024"]
[Site "Budapest"]
[Date "2024.09.13"]
[Round "3"]
[Board "4"]
[White "Hephzibah, Awura-Ama Manubea Tandoh"]
[Black "Carrillo Marval, Maria Angelica"]
[Result "0-1"]
[WhiteElo "1516"]
[BlackElo "1795"]
[PlyCount "84"]
[EventDate "2024.09.11"]
[EventType "team-tourn"]
[EventRounds "11"]
[EventCountry "HUN"]
[WhiteTeam "Ghana"]
[BlackTeam "Panama"]
[WhiteTeamCountry "GHA"]
[BlackTeamCountry "PAN"]

1. d4 {[%emt 0:00:04]} Nf6 {[%emt 0:00:10]} 2. e3 {[%emt 0:00:20]} g6 {[%emt 0:00:30]} 3. Nf3 {[%emt 0:00:24]} Bg7 {[%emt 0:00:19]} 4. Be2 {[%emt 0:00:48]} d5 {[%emt 0:02:14]} 5. O-O {[%emt 0:00:36]} O-O {[%emt 0:00:11]} 6. b3 {[%emt 0:00:50]} c5 {[%emt 0:06:36]} 7. dxc5 $146 {[%emt 0:06:31]} ({RR} 7. c3 Nbd7 8. h3 b6 9. Nbd2 Bb7 10. Bb2 Rc8 11. Rc1 e6 12. c4 Qe7 13. Ne5 cxd4 14. exd4 Nxe5 15. dxe5 Nd7 16. f4 Rfd8 17. cxd5 Bxd5 18. Rxc8 Rxc8 19. Nc4 Bxc4 20. Bxc4 b5 21. Bd3 Nb6 {1-0 Bender,I (2257)-Rogulj,B (2401) CRO Cup 21st 2012 (6.23)}) ({RR} 7. c3 Nbd7 8. Bb2 b6 9. a4 Bb7 10. Na3 e6 11. c4 Qe7 12. a5 Rfd8 13. axb6 axb6 14. Nb5 {½-½ Del Rio de Angelis,S (2525)-Fluvia Poyatos,J (2436) Andorra op 36th 2018 (6)}) ({RR} 7. Ba3 Ne4 8. Ne5 cxd4 9. exd4 Nd7 10. Nf3 Ndf6 11. c4 b6 12. Ne5 Bb7 13. f3 Nd6 14. Nc3 Nf5 15. Qd2 dxc4 16. Bxc4 Nd7 17. Nxd7 Bxd4+ 18. Kh1 Qxd7 19. Rad1 Rfd8 20. Rfe1 Bc6 21. Rc1 Be3 {0-1 Wolf,R (2046)-Lupor,A (2263) 6th Bamberg Open 2024 (7.19)}) ({RR} 7. c3 cxd4 8. cxd4 Nc6 9. Nc3 Ne4 10. Nxe4 dxe4 11. Nd2 f5 12. Bc4+ Kh8 13. f3 exf3 14. Nxf3 e5 15. Ba3 Re8 16. Bf7 e4 17. Bxe8 Qxe8 18. Ne1 b6 19. Rc1 Ba6 20. Rf2 Ne7 21. Bxe7 Qxe7 {1-0 Moseamedi,E (1963)-Bezuidenhout,R (1874) Pretoria FM-B 2012 (4)}) ({RR} 7. c3 Qc7 8. Nbd2 Nc6 9. Bb2 cxd4 10. cxd4 Qb6 11. Rc1 Bd7 12. Ne5 a5 13. Nxc6 Bxc6 14. Ba3 Rfe8 15. f4 a4 16. b4 Rac8 17. Rc5 e6 18. b5 Bd7 19. Rxc8 Rxc8 20. Qxa4 Rc3 21. Bc5 Qc7 {0-1 Kreindl,H (2206)-Greeff,M (2075) Zalakaros op 29th 2010 (7)}) 7... Ne4 {[%emt 0:04:52]} 8. Nd4 {[%emt 0:00:28]} Nxc5 {[%emt 0:09:20]} 9. Nd2 {[%emt 0:03:25]} e5 {[%emt 0:03:11]} 10. Nb5 {[%emt 0:01:24]} a6 {[%emt 0:05:18]} 11. Nc3 {[%emt 0:01:54]} d4 {[%emt 0:08:05]} 12. Nce4 {[%emt 0:00:27]} dxe3 {[%emt 0:08:52]} 13. fxe3 {[%emt 0:04:04]} Nxe4 {[%emt 0:02:42]} 14. Nxe4 {[%emt 0:00:54]} Qb6 {[%emt 0:10:05]} 15. Qd6 {[%emt 0:06:12]} Nc6 {[%emt 0:06:11]} 16. Qc5 {[%emt 0:06:13]} Qxc5 {[%emt 0:05:34]} 17. Nxc5 {[%emt 0:00:14]} e4 {[%emt 0:04:20]} 18. Rb1 {[%emt 0:00:27]} Re8 {[%emt 0:00:28]} 19. Bb2 {[%emt 0:07:22]} Bf8 {[%emt 0:05:19]} 20. Bc4 {[%emt 0:01:02]} Nd8 {[%emt 0:01:13]} 21. Rbd1 {[%emt 0:03:16]} Bxc5 {[%emt 0:06:05]} 22. Bd4 {[%emt 0:02:24]} Bxd4 {[%emt 0:01:08]} 23. exd4 {[%emt 0:00:32]} Bg4 {[%emt 0:01:52]} 24. Rde1 {[%emt 0:01:19]} Bf5 {[%emt 0:02:26]} 25. c3 {[%emt 0:02:00]} Rc8 {[%emt 0:01:01]} 26. Rc1 {[%emt 0:01:24]} b5 {[%emt 0:01:02]} 27. Be2 {[%emt 0:00:21]} Nb7 {[%emt 0:00:43]} 28. h3 {[%emt 0:01:43]} Nd6 {[%emt 0:00:21]} 29. c4 {[%emt 0:01:41]} bxc4 {[%emt 0:00:34]} 30. bxc4 {[%emt 0:01:04]} Red8 {[%emt 0:01:07]} 31. Rfd1 {[%emt 0:01:02]} Bd7 {[%emt 0:01:51]} 32. c5 {[%emt 0:01:09]} Bb5 {[%emt 0:00:38]} 33. Bxb5 {[%emt 0:00:45]} Nxb5 {[%emt 0:00:06]} 34. d5 {[%emt 0:00:50]} f5 {[%emt 0:01:50]} 35. Kf2 {[%emt 0:01:56]} Kf7 {[%emt 0:00:10]} 36. Ke3 {[%emt 0:01:24]} Kf6 {[%emt 0:00:15]} 37. c6 {[%emt 0:00:43]} Ke5 {[%emt 0:00:23]} 38. Rc5 {[%emt 0:00:58]} f4+ {[%emt 0:00:29]} 39. Ke2 {[%emt 0:00:35]} Nd4+ {[%emt 0:00:33]} 40. Ke1 {[%emt 0:02:16]} Rxd5 {[%emt 0:00:15]} 41. Rxd5+ {[%emt 0:01:38]} Kxd5 {[%emt 0:00:07]} 42. Rd2 {[%emt 0:04:10]} Rxc6 0-1

[Event "45th Olympiad Budapest 2024"]
[Site "Budapest"]
[Date "2024.09.13"]
[Round "3"]
[Board "3"]
[White "Nema, Rabab"]
[Black "Gontcharova, Olga"]
[Result "1-0"]
[WhiteElo "1601"]
[BlackElo "1567"]
[PlyCount "47"]
[EventDate "2024.09.11"]
[EventType "team-tourn"]
[EventRounds "11"]
[EventCountry "HUN"]
[WhiteTeam "Kuwait"]
[BlackTeam "Bermuda"]
[WhiteTeamCountry "KUW"]
[BlackTeamCountry "BER"]

1. d4 {[%emt 0:00:02]} d6 {[%emt 0:00:12]} 2. e4 {[%emt 0:00:06]} Nf6 {[%emt 0:00:06]} 3. Nc3 {[%emt 0:00:05]} Nbd7 {[%emt 0:00:13]} 4. g4 {[%emt 0:00:01]} e5 {[%emt 0:00:41]} 5. g5 {[%emt 0:00:19]} exd4 {[%emt 0:08:36]} 6. Qxd4 {[%emt 0:00:25]} c5 $146 {[%emt 0:02:24]} ({RR} 6... Ng8 7. h4 h6 8. Bg2 c6 9. Bf4 Qb6 10. O-O-O Qxd4 11. Rxd4 hxg5 12. hxg5 Rxh1 13. Bxh1 Ne5 14. Nf3 f6 15. gxf6 gxf6 16. Nh4 {½-½ Borge,N (2405)-Jansa,V (2525) Hillerod Politiken 1995 (4)}) ({RR} 6... Ng8 7. Nf3 Ne7 8. Be3 Nc6 9. Qd2 Nde5 10. Nxe5 dxe5 11. Nd5 Bd6 12. O-O-O Be6 13. f4 exf4 14. Bxf4 O-O 15. h4 Bxd5 16. exd5 Ne5 17. Be2 Ng6 18. Bxd6 cxd6 19. h5 Ne5 20. Kb1 f5 21. gxf6 {1-0 Moiseenko,A (2706)-Miton,K (2623) Trzcianka Dziedzic Memorial 2nd rapid 2012 (8)}) ({RR} 6... Ng4 7. f4 h6 8. Be2 Nc5 9. Nf3 hxg5 10. Nxg5 Ne6 11. Nxe6 Qh4+ 12. Kd1 Bxe6 13. Rf1 Nxh2 14. Rh1 Qg3 15. Be3 Nf3 16. Bxf3 Qxf3+ 17. Kd2 Rxh1 18. Rxh1 Qxh1 19. f5 Bd7 20. Nd5 Rc8 21. Kc3 {0-1 Kleiman,J (2399)-Chernikov,V (2266) Titled Tue 16th Jul Early 2024 (1)}) ({RR} 6... Ng4 7. h3 Nge5 8. f4 Nc6 9. Qf2 Be7 10. Be3 h6 11. Nf3 hxg5 12. Nxg5 Nde5 13. Rg1 Bxg5 14. Rxg5 Nd7 15. O-O-O {½-½ Bernago,F (2002)-Damia,A (2266) Milan Crespi op-A 28th 2007 (1)}) ({RR} 6... Ng4 7. h3 Nge5 8. Be3 Nc6 9. Qd2 Nb6 10. O-O-O g6 11. f4 Bg7 12. Nf3 Be6 13. Nd4 Bd7 14. h4 h5 15. Nxc6 bxc6 16. Bd4 O-O 17. Bxg7 Kxg7 18. Qd4+ Kh7 19. f5 Qe7 20. f6 Qe8 21. Be2 {½-½ Atanasov,P (2420)-Nikolov,T Kamen Piskov Memorial-04 1984 (3)}) 7. Qd1 {[%emt 0:00:38]} Nxe4 {[%emt 0:01:50]} 8. Nxe4 {[%emt 0:00:40]} Qe7 {[%emt 0:01:16]} 9. Qe2 {[%emt 0:00:07]} Kd8 {[%emt 0:02:28]} 10. Bf4 {[%emt 0:04:42]} d5 {[%emt 0:02:06]} 11. Nd6 {[%emt 0:02:55]} Qxe2+ {[%emt 0:02:03]} 12. Bxe2 {[%emt 0:01:01]} Bxd6 {[%emt 0:01:01]} 13. Bxd6 {[%emt 0:00:03]} b6 {[%emt 0:00:56]} 14. O-O-O {[%emt 0:01:21]} Bb7 {[%emt 0:05:33]} 15. Bf3 {[%emt 0:04:46]} Re8 {[%emt 0:03:19]} 16. Bxd5 {[%emt 0:02:22]} Bxd5 {[%emt 0:00:33]} 17. Rxd5 {[%emt 0:00:03]} a5 {[%emt 0:11:01]} 18. Nf3 {[%emt 0:02:32]} a4 {[%emt 0:03:22]} 19. Rhd1 {[%emt 0:03:16]} c4 {[%emt 0:25:09]} 20. Bb4 {[%emt 0:02:46]} Re7 {[%emt 0:03:57]} 21. Bxe7+ {[%emt 0:05:04]} Kxe7 {[%emt 0:01:04]} 22. Rxd7+ {[%emt 0:01:00]} Ke8 {[%emt 0:00:16]} 23. Rb7 {[%emt 0:00:56]} Kf8 {[%emt 0:03:03]} 24. Rdd7 {[%emt 0:00:11]} 1-0

[Event "45th Olympiad Budapest 2024"]
[Site "Budapest"]
[Date "2024.09.13"]
[Round "3"]
[Board "1"]
[White "Yavo Tchetche, Marie"]
[Black "Sanudula, K M Dahamdi"]
[Result "1/2-1/2"]
[WhiteElo "1686"]
[BlackElo "2023"]
[PlyCount "94"]
[EventDate "2024.09.11"]
[EventType "team-tourn"]
[EventRounds "11"]
[EventCountry "HUN"]
[WhiteTeam "Cote d’Ivoire"]
[BlackTeam "Sri Lanka"]
[BlackTeamCountry "SRI"]

1. d4 {[%emt 0:00:44]} Nf6 {[%emt 0:00:06]} 2. Nf3 {[%emt 0:01:28]} e6 {[%emt 0:00:07]} 3. g3 {[%emt 0:01:42]} d5 {[%emt 0:00:05]} 4. Bg2 {[%emt 0:02:09]} Be7 {[%emt 0:01:00]} 5. O-O {[%emt 0:02:54]} O-O {[%emt 0:01:54]} 6. Nbd2 {[%emt 0:01:08]} b6 {[%emt 0:00:14]} 7. c4 {[%emt 0:01:04]} Bb7 {[%emt 0:00:06]} 8. a3 $146 {[%emt 0:01:36]} ({RR} 8. Qc2 Nc6 9. Rd1 Nb4 10. Qb1 a5 11. a3 Na6 12. Ne5 Bd6 13. b3 Qe7 14. Bb2 c5 15. e4 cxd4 16. Bxd4 Nc5 17. exd5 exd5 18. Re1 Ne6 19. Bb2 dxc4 20. Nexc4 Bc5 21. Ne4 Ng4 22. Qd1 f5 {1-0 De Coverly,R (2075)-Jeffries,M (2022) GBR-ch op Swansea 2006 (8.51)}) ({RR} 8. cxd5 exd5 9. b3 a5 10. Ne5 a4 11. bxa4 Qe8 12. Qc2 Nc6 13. Bb2 Bd6 14. Rfc1 Nd8 15. a5 Rxa5 16. a4 Ra7 17. e3 Ne6 18. h4 Qa8 19. Ndf3 Re8 20. Bf1 c5 21. Bb5 Re7 22. dxc5 bxc5 {½-½ Ding,L (2805)-Aronian,L (2752) Norway Chess 7th 2019 (5)}) ({RR} 8. cxd5 exd5 9. b3 Nbd7 10. Bb2 Re8 11. Ne5 c5 12. Rc1 Rc8 13. e3 cxd4 14. Bxd4 Nxe5 15. Bxe5 Ba6 16. Rxc8 Qxc8 17. Re1 Qf5 18. Bb2 Bb4 19. a3 Bxd2 20. Qxd2 Ne4 21. g4 Qxg4 22. Qxd5 Nxf2 {0-1 Daneshvar,B (2591)-Petrosyan,M (2604) Kazakhstan Cup Final 2023 (4.1)}) ({RR} 8. cxd5 Bxd5 9. Qc2 Nbd7 10. e4 Bb7 11. e5 Nd5 12. Ne4 c5 13. dxc5 Nb4 14. Qb1 Nxc5 15. Nxc5 Bxc5 16. Ng5 Bxf2+ 17. Rxf2 Qd1+ 18. Bf1 Qh5 19. Be2 Qh6 20. a3 {1-0 Tarnowski,A-Brzozka,S POL-ch Wroclaw 1960 (12)}) ({RR} 8. a4 Nbd7 9. a5 c5 10. a6 Bc6 11. Ne5 Nxe5 12. dxe5 Ng4 13. cxd5 exd5 14. Nc4 Qc7 15. Nd6 Nxe5 16. Nf5 Rad8 17. Bf4 Bf6 18. Ra3 Qc8 19. Bh3 Qc7 20. Qb1 g5 21. Bxg5 Bxg5 22. f4 Bf6 {1-0 Schweitzer,P (1602)-Schultheisz,E (1715) Merano Gold Cup 29th 2001 (2)}) 8... c5 {[%emt 0:00:50]} 9. e3 {[%emt 0:02:01]} Nbd7 {[%emt 0:00:11]} 10. b3 {[%emt 0:06:30]} Rc8 {[%emt 0:03:10]} 11. Bb2 {[%emt 0:02:44]} Ne4 {[%emt 0:07:34]} 12. Nxe4 {[%emt 0:06:47]} dxe4 {[%emt 0:00:20]} 13. Ne5 {[%emt 0:00:55]} Rc7 {[%emt 0:03:57]} 14. Qc2 {[%emt 0:02:22]} Nxe5 {[%emt 0:05:16]} 15. dxe5 {[%emt 0:01:32]} Rd7 {[%emt 0:00:10]} 16. Rfd1 {[%emt 0:06:23]} Rd3 {[%emt 0:00:54]} 17. Bf1 {[%emt 0:02:41]} Rd7 18. Rxd7 {[%emt 0:01:50]} Qxd7 {[%emt 0:00:04]} 19. Rd1 {[%emt 0:00:36]} Qc6 {[%emt 0:00:03]} 20. Qd2 {[%emt 0:00:24]} Bc8 {[%emt 0:00:43]} 21. Bg2 {[%emt 0:01:46]} f5 {[%emt 0:00:58]} 22. exf6 {[%emt 0:00:37]} gxf6 {[%emt 0:00:08]} 23. Qe2 {[%emt 0:01:58]} Kh8 {[%emt 0:09:47]} 24. Rd2 {[%emt 0:05:18]} e5 {[%emt 0:01:21]} 25. Bc3 {[%emt 0:04:58]} Be6 {[%emt 0:01:43]} 26. Qd3 {[%emt 0:01:19]} Bf5 {[%emt 0:04:01]} 27. Qe2 {[%emt 0:04:03]} a6 {[%emt 0:05:55]} 28. Qh5 {[%emt 0:02:07]} Qe6 {[%emt 0:01:29]} 29. Qh4 {[%emt 0:02:53]} Bg6 {[%emt 0:00:37]} 30. Qh3 {[%emt 0:06:34]} Bf5 {[%emt 0:00:51]} 31. Qh5 {[%emt 0:02:05]} b5 {[%emt 0:07:56]} 32. Qe2 {[%emt 0:03:27]} Bg4 {[%emt 0:06:30]} 33. Qf1 {[%emt 0:00:46]} b4 {[%emt 0:00:25]} 34. axb4 {[%emt 0:02:33]} cxb4 {[%emt 0:00:04]} 35. Ba1 {[%emt 0:00:27]} Bf3 {[%emt 0:01:13]} 36. Bh3 {[%emt 0:01:34]} f5 {[%emt 0:04:18]} 37. Qe1 {[%emt 0:01:20]} Bd6 {[%emt 0:09:23]} 38. Rd5 {[%emt 0:01:22]} Qh6 {[%emt 0:04:29]} 39. Bg2 {[%emt 0:01:02]} Bh5 {[%emt 0:02:49]} 40. Bxe5+ {[%emt 0:00:34]} Bxe5 {[%emt 0:00:06]} 41. Rxe5 {[%emt 0:00:44]} Rd8 {[%emt 0:00:30]} 42. Qxb4 {[%emt 0:07:44]} Rd1+ {[%emt 0:05:26]} 43. Bf1 {[%emt 0:00:33]} Qf6 {[%emt 0:00:22]} 44. Qb8+ {[%emt 0:01:48]} Kg7 {[%emt 0:00:05]} 45. Rd5 {[%emt 0:02:36]} Rxf1+ {[%emt 0:00:58]} 46. Kxf1 {[%emt 0:03:53]} Qa1+ {[%emt 0:00:06]} 47. Kg2 {[%emt 0:00:16]} Bf3+ {[%emt 0:00:04]} 1/2-1/2

[Event "45th Olympiad Budapest 2024"]
[Site "Budapest"]
[Date "2024.09.13"]
[Round "3"]
[Board "2"]
[White "Tharushi, T H D Niklesha"]
[Black "Kouassi, Edichy Berenice"]
[Result "1-0"]
[WhiteElo "1852"]
[BlackElo "1528"]
[PlyCount "55"]
[EventDate "2024.09.11"]
[EventType "team-tourn"]
[EventRounds "11"]
[EventCountry "HUN"]
[WhiteTeam "Sri Lanka"]
[BlackTeam "Cote d’Ivoire"]
[WhiteTeamCountry "SRI"]

1. d4 {[%emt 0:00:26]} d5 {[%emt 0:00:12]} 2. c4 {[%emt 0:00:05]} c6 {[%emt 0:00:20]} 3. Nf3 {[%emt 0:00:07]} Nf6 {[%emt 0:00:44]} 4. g3 {[%emt 0:00:06]} Bf5 {[%emt 0:00:21]} 5. Bg2 {[%emt 0:00:06]} e6 {[%emt 0:00:34]} 6. O-O {[%emt 0:00:18]} Nbd7 {[%emt 0:00:28]} 7. Nc3 {[%emt 0:00:11]} Be7 {[%emt 0:00:56]} 8. Nd2 {[%emt 0:01:50]} O-O {[%emt 0:00:56]} 9. e4 {[%emt 0:00:25]} Bg6 $146 {[%emt 0:01:46]} ({RR} 9... dxe4 10. Ndxe4 Nxe4 11. Nxe4 Nf6 12. Nxf6+ Bxf6 13. Be3 Qb6 14. g4 Bg6 15. f4 Rfd8 16. c5 Qxb2 17. f5 Qc3 18. Rf3 exf5 19. Rc1 Bxd4 20. Bxd4 Qxd4+ 21. Qxd4 Rxd4 22. gxf5 Bh5 23. Rb3 Bg4 24. Rxb7 {0-1 Iliesco,J-Rossetto,H ARG-ch23 Match Rossetto-Liesco +4-0=1 1944 (2)}) ({RR} 9... dxe4 10. Ndxe4 Nxe4 11. Nxe4 Bxe4 12. Bxe4 Bg5 13. f4 Bf6 14. Be3 g6 15. Qe2 Bg7 16. Rad1 Nf6 17. Bf3 Qc7 18. Kg2 Rfd8 19. g4 Rd7 20. h4 Rad8 21. h5 gxh5 22. gxh5 Kh8 23. Kh1 Qa5 24. Rg1 {0-1 Pultinevicius,P (2587)-Hovhannisyan,R (2611) Titled Tue 2nd Apr Early 2024 (7)}) ({RR} 9... dxe4 10. Ndxe4 Nxe4 11. Nxe4 Qb6 12. Be3 Qa6 13. Qb3 Rad8 14. Rfd1 Bxe4 15. Bxe4 Nf6 16. Bf3 Rd7 17. a4 Qa5 18. Kg2 Rfd8 19. Qc3 Bb4 20. Qc2 Qc7 21. Bf4 Bd6 22. Be3 a5 23. Rd2 Bb4 24. Rd3 {½-½ Miszler,L (2262)-Kamsky,G (2609) Titled Tue 27th Aug Late 2024 (1)}) ({RR} 9... dxe4 10. Ndxe4 e5 11. Nxf6+ Bxf6 12. d5 Rc8 13. Qe2 Nc5 14. Rd1 Qa5 15. Bd2 Qa6 16. Be3 cxd5 17. Nxd5 Qe6 18. b4 Na4 19. Bxa7 Qa6 20. Be3 Qxc4 21. Qd2 Nc3 22. Nxc3 Qxc3 23. Bc5 Qxd2 24. Rxd2 {0-1 Garibaldi,O-Bartis,G Buenos Aires 1952 (3)}) ({RR} 9... dxe4 10. Ndxe4 Re8 11. h3 Qc7 12. Bf4 Qb6 13. b3 Rad8 14. Be3 Qc7 15. Qe2 Nxe4 16. Nxe4 Nf6 17. Nc3 h6 18. Rfd1 Qa5 19. Na4 Bg6 20. Bf3 e5 21. dxe5 Qxe5 22. Bxa7 Rxd1+ 23. Rxd1 Qa5 24. Bb6 {0-1 Iturrizaga Bonelli,E (2607)-Chan,Y (2316) Chess.com Bullet op1 blitz 2020 (3)}) 10. e5 {[%emt 0:05:00]} Ne8 {[%emt 0:01:05]} 11. cxd5 {[%emt 0:01:10]} cxd5 {[%emt 0:02:14]} 12. f4 {[%emt 0:01:07]} Bd3 {[%emt 0:05:49]} 13. Rf3 {[%emt 0:02:01]} Ba6 {[%emt 0:01:59]} 14. Kh1 {[%emt 0:09:27]} b6 {[%emt 0:02:14]} 15. f5 {[%emt 0:01:59]} Bb7 {[%emt 0:02:16]} 16. Rf2 {[%emt 0:07:23]} Rc8 {[%emt 0:10:26]} 17. Qg4 {[%emt 0:06:10]} exf5 {[%emt 0:18:22]} 18. Rxf5 {[%emt 0:03:32]} Nc7 {[%emt 0:01:54]} 19. Nf1 {[%emt 0:07:16]} Kh8 {[%emt 0:03:12]} 20. Bd2 {[%emt 0:04:05]} Bb4 {[%emt 0:07:28]} 21. Bh3 {[%emt 0:07:02]} Bc6 {[%emt 0:05:11]} 22. Rh5 {[%emt 0:08:29]} Ne6 {[%emt 0:07:35]} 23. Bg2 {[%emt 0:01:22]} Be7 {[%emt 0:08:48]} 24. Qh3 {[%emt 0:02:05]} h6 {[%emt 0:03:52]} 25. Bxh6 {[%emt 0:00:21]} gxh6 {[%emt 0:00:25]} 26. Rxh6+ {[%emt 0:00:06]} Kg8 {[%emt 0:00:13]} 27. Rh8+ {[%emt 0:00:07]} Kg7 {[%emt 0:00:51]} 28. Qh6# {[%emt 0:00:09]} 1-0

[Event "45th Olympiad Budapest 2024"]
[Site "Budapest"]
[Date "2024.09.13"]
[Round "3"]
[Board "3"]
[White "Kawuma, Patricia"]
[Black "Tchouateu, Tankeu Stephanie"]
[Result "1-0"]
[WhiteElo "1839"]
[BlackElo "1565"]
[PlyCount "139"]
[EventDate "2024.09.11"]
[EventType "team-tourn"]
[EventRounds "11"]
[EventCountry "HUN"]
[WhiteTeam "Uganda"]
[BlackTeam "Cameroon"]
[WhiteTeamCountry "UGA"]
[BlackTeamCountry "CAM"]

1. e4 {[%emt 0:00:04]} e5 {[%emt 0:00:07]} 2. Nf3 {[%emt 0:00:16]} Nc6 {[%emt 0:00:11]} 3. d4 {[%emt 0:00:37]} exd4 {[%emt 0:01:11]} 4. Nxd4 {[%emt 0:00:07]} Nf6 {[%emt 0:00:14]} 5. Nc3 {[%emt 0:00:38]} Bc5 {[%emt 0:02:02]} 6. Be3 {[%emt 0:01:03]} Bxd4 {[%emt 0:03:30]} 7. Bxd4 {[%emt 0:00:03]} d6 {[%emt 0:00:18]} 8. Bb5 {[%emt 0:01:03]} ({RR} 8. Be2 O-O 9. Qd2 Re8 10. f3 Be6 11. O-O-O a5 12. Bb5 Rf8 13. g4 Nxd4 14. Qxd4 c6 15. Be2 b5 16. Qxd6 Qxd6 17. Rxd6 Rac8 18. h3 Rfd8 19. Rhd1 Rxd6 20. Rxd6 Kf8 21. f4 Ke7 22. e5 Nd5 {1-0 Rusu,L (1625)-Molchanov,R (1329) ECTCC Youth 2023 (4.13)}) 8... Bd7 {[%emt 0:00:39]} ({RR} 8... O-O 9. O-O Bd7 10. Re1 Nxd4 11. Qxd4 Bxb5 12. Nxb5 a6 13. Nc3 Re8 14. Rad1 Ng4 15. h3 Ne5 16. f4 Nc6 17. Qf2 f6 18. Nd5 Qd7 19. c4 Qf7 20. b4 a5 21. b5 Nb4 22. Ne3 Rxe4 23. a3 {1-0 Majer,J (2228)-Bazant,P (2338) CZE-chT2E 1617 2016 (1.1)}) 9. Bxf6 $146 {[%emt 0:01:20]} ({RR} 9. O-O O-O 10. Qd2 Re8 11. Rfe1 Qe7 12. Bxf6 Qxf6 13. Nd5 Qd8 14. Rad1 Ne5 15. Bxd7 Qxd7 16. Qg5 Kh8 17. h3 Qb5 18. Nxc7 Nf3+ 19. gxf3 Qxg5+ 20. Kf1 Qf4 21. Nxa8 Rxa8 22. Kg2 Kg8 23. Rd3 Kf8 {0-1 Campagnolo,B (1243)-Fuchter,J (1415) Santa Catarina-ch (Women) 2020 (6)}) ({RR} 9. O-O O-O 10. Bxc6 Bxc6 11. e5 dxe5 12. Bxe5 Qxd1 13. Raxd1 Rac8 14. Rfe1 Rfe8 15. f4 Nd7 16. Nb1 Nxe5 17. fxe5 Ba4 18. Na3 h6 19. Rd2 f6 20. Nc4 Bb5 21. b3 Bxc4 22. bxc4 Re7 23. Rde2 Rce8 {0-1 Baco,M (1000)-Haris,D (1160) SVK-ch U12 Lubovnianske Kupele 2012 (6)}) ({RR} 9. Bxc6 Bxc6 10. O-O O-O 11. f3 d5 12. Bxf6 Qxf6 13. exd5 Bd7 14. Re1 Rfe8 15. Qd2 Re7 16. Rxe7 Qxe7 17. Re1 Qc5+ 18. Kh1 Re8 19. Rxe8+ Bxe8 20. Ne4 Qc4 21. h3 Qxa2 22. b3 Qb1+ 23. Kh2 h6 {½-½ Petzold,G-Huesken,S Niedersachsen-ch U11 1996 (4)}) 9... Qxf6 {[%emt 0:01:07]} 10. Nd5 {[%emt 0:00:23]} Qd8 {[%emt 0:01:41]} 11. O-O {[%emt 0:00:21]} O-O {[%emt 0:00:17]} 12. f4 {[%emt 0:00:42]} a6 {[%emt 0:01:02]} 13. Bd3 {[%emt 0:00:30]} f6 {[%emt 0:05:43]} 14. f5 {[%emt 0:04:30]} Ne7 {[%emt 0:02:54]} 15. Nf4 {[%emt 0:00:32]} c6 {[%emt 0:02:04]} 16. Kh1 {[%emt 0:03:39]} d5 {[%emt 0:08:52]} 17. exd5 {[%emt 0:03:09]} Nxf5 {[%emt 0:11:45]} 18. Qh5 {[%emt 0:03:16]} Qe8 {[%emt 0:07:44]} 19. Bxf5 {[%emt 0:06:14]} Qxh5 {[%emt 0:01:05]} 20. Nxh5 {[%emt 0:00:07]} Bxf5 {[%emt 0:01:57]} 21. Rxf5 {[%emt 0:00:39]} g6 {[%emt 0:00:35]} 22. Nxf6+ {[%emt 0:00:32]} Kg7 {[%emt 0:30:50]} 23. Rff1 {[%emt 0:00:25]} Rxf6 {[%emt 0:05:15]} 24. Rxf6 {[%emt 0:00:11]} Kxf6 {[%emt 0:05:52]} 25. dxc6 {[%emt 0:00:07]} bxc6 {[%emt 0:00:35]} 26. Rd1 {[%emt 0:00:38]} Re8 {[%emt 0:01:06]} 27. Kg1 {[%emt 0:00:19]} Re6 {[%emt 0:02:37]} 28. Kf2 {[%emt 0:01:07]} Kf5 {[%emt 0:00:51]} 29. Rd3 {[%emt 0:00:45]} Kf6 {[%emt 0:00:41]} 30. Kf3 {[%emt 0:02:35]} Kf5 {[%emt 0:01:16]} 31. Ra3 {[%emt 0:00:37]} c5 {[%emt 0:00:12]} 32. Ra5 {[%emt 0:00:27]} Re5 {[%emt 0:01:19]} 33. Rxa6 {[%emt 0:01:19]} Kg5 {[%emt 0:00:08]} 34. Rc6 {[%emt 0:00:38]} Rf5+ {[%emt 0:00:41]} 35. Kg3 {[%emt 0:00:20]} h5 {[%emt 0:00:37]} 36. h4+ {[%emt 0:00:26]} Kh6 {[%emt 0:00:29]} 37. a4 {[%emt 0:00:30]} Re5 {[%emt 0:00:33]} 38. Kh3 {[%emt 0:01:03]} Re3+ {[%emt 0:00:36]} 39. g3 {[%emt 0:00:25]} Re1 {[%emt 0:00:43]} 40. Rxc5 {[%emt 0:00:17]} Rh1+ {[%emt 0:00:29]} 41. Kg2 {[%emt 0:00:15]} Rb1 {[%emt 0:00:11]} 42. b3 {[%emt 0:00:17]} Re1 {[%emt 0:00:24]} 43. b4 {[%emt 0:00:32]} Re4 {[%emt 0:00:54]} 44. c3 {[%emt 0:00:20]} Re2+ {[%emt 0:00:31]} 45. Kh3 {[%emt 0:00:25]} Re1 {[%emt 0:00:29]} 46. a5 {[%emt 0:00:44]} Re8 {[%emt 0:00:15]} 47. Rc7 {[%emt 0:00:17]} Ra8 {[%emt 0:00:41]} 48. c4 {[%emt 0:00:58]} Ra6 {[%emt 0:00:33]} 49. c5 {[%emt 0:00:30]} g5 {[%emt 0:00:26]} 50. hxg5+ {[%emt 0:00:29]} Kxg5 {[%emt 0:00:12]} 51. Rb7 {[%emt 0:00:53]} Re6 {[%emt 0:00:30]} 52. b5 {[%emt 0:01:46]} Re3 {[%emt 0:00:10]} 53. Kg2 {[%emt 0:00:37]} Kg4 {[%emt 0:01:19]} 54. Rg7+ {[%emt 0:00:38]} Kf5 {[%emt 0:02:45]} 55. a6 {[%emt 0:01:22]} Ra3 {[%emt 0:02:30]} 56. a7 {[%emt 0:01:00]} Kf6 {[%emt 0:02:01]} 57. Rc7 {[%emt 0:00:37]} Kf5 {[%emt 0:00:16]} 58. b6 {[%emt 0:01:09]} Kg4 {[%emt 0:00:10]} 59. Rg7+ {[%emt 0:01:11]} Kf5 {[%emt 0:07:46]} 60. Rg8 {[%emt 0:00:31]} Ra2+ {[%emt 0:04:09]} 61. Kh3 {[%emt 0:00:17]} Ke5 {[%emt 0:02:13]} 62. a8=Q {[%emt 0:03:19]} Rxa8 {[%emt 0:00:13]} 63. Rxa8 {[%emt 0:00:06]} Kd5 {[%emt 0:00:11]} 64. b7 {[%emt 0:01:23]} Kxc5 {[%emt 0:00:30]} 65. b8=Q {[%emt 0:01:48]} Kd4 {[%emt 0:00:14]} 66. Qf4+ {[%emt 0:02:06]} Kd5 {[%emt 0:00:18]} 67. Ra5+ {[%emt 0:00:11]} Kc6 {[%emt 0:00:15]} 68. Rxh5 {[%emt 0:00:43]} Kd7 {[%emt 0:00:17]} 69. Rh6 {[%emt 0:00:28]} Ke8 {[%emt 0:00:10]} 70. Rh7 {[%emt 0:00:40]} 1-0